[Event "Titled Tuesday intern op 16th Apr Early"]
[Site "Chess.com INT"]
[Date "2024.04.16"]
[Round "1"]
[White "Goldin, Roman"]
[Black "Hovakimyan, Vache"]
[Result "0-1"]
[WhiteElo "2293"]
[BlackElo "2202"]
[PlyCount "72"]
[EventDate "2024.04.16"]
[EventType "swiss (blitz)"]
[EventRounds "11"]
[EventCountry "USA"]
[SourceTitle "CB17_2024"]
[SourceDate "2024.04.24"]
[SourceVersion "1"]
[SourceVersionDate "2024.04.24"]
[SourceQuality "1"]

1. e4 c5 2. Nf3 d6 3. Bc4 e6 4. d3 a6 5. a3 g6 6. Ba2 Bg7 7. Nc3 Ne7 8. h4 h5 9. Bg5 Nbc6 10. Qd2 b5 11. 0-0 0-0 12. Bh6 e5 13. Nd5 Be6 14. Bg5 Bxd5 15. Bxd5 Rc8 16. c3 Qd7 17. Ba2 Kh7 18. Nh2 f6 19. Be3 f5 20. f4 exf4 21. Bxf4 fxe4 22. dxe4 Ne5 23. Rad1 Rcd8 24. Nf3 Nxf3+ 25. Rxf3 Qg4 26. Qf2 Rxf4 27. Rxf4 Qxd1+ 28. Kh2 Be5 29. g3 Bxf4 30. Qxf4 Qe2+ 31. Kh1 Ng8 32. Qf7+ Kh8 33. Qxg6 Rf8 34. Bf7 Qf1+ 35. Kh2 Qxf7 36. Qg5 Qf2+ 0-1

[Event "Titled Tuesday intern op 16th Apr Early"]
[Site "Chess.com INT"]
[Date "2024.04.16"]
[Round "5"]
[White "Kokoszczynski, Jan"]
[Black "Goldin, Roman"]
[Result "1-0"]
[WhiteElo "2287"]
[BlackElo "2293"]
[PlyCount "55"]
[EventDate "2024.04.16"]
[EventType "swiss (blitz)"]
[EventRounds "11"]
[EventCountry "USA"]
[SourceTitle "CB17_2024"]
[SourceDate "2024.04.24"]
[SourceVersion "1"]
[SourceVersionDate "2024.04.24"]
[SourceQuality "1"]

1. e4 Nc6 2. Nf3 e5 3. Nc3 g6 4. Bc4 Bg7 5. d3 h6 6. Be3 Na5 7. Bb5 c6 8. Ba4 b5 9. Bb3 d6 10. Qd2 Nf6 11. h3 Nxb3 12. axb3 Qc7 13. 0-0 a5 14. b4 Be6 15. d4 0-0 16. Bxh6 axb4 17. Bxg7 Kxg7 18. dxe5 dxe5 19. Ne2 Rxa1 20. Rxa1 b3 21. cxb3 Nxe4 22. Qe3 Bd5 23. b4 Qd6 24. Nc3 Qxb4 25. Nxe4 Bxe4 26. Nd2 Bd5 27. Qxe5+ Kg8 28. Nf1 1-0

[Event "Titled Tuesday intern op 16th Apr Early"]
[Site "Chess.com INT"]
[Date "2024.04.16"]
[Round "3"]
[White "Nikolic, Radisa D"]
[Black "Goldin, Roman"]
[Result "0-1"]
[WhiteElo "2219"]
[BlackElo "2293"]
[PlyCount "26"]
[EventDate "2024.04.16"]
[EventType "swiss (blitz)"]
[EventRounds "11"]
[EventCountry "USA"]
[SourceTitle "CB17_2024"]
[SourceDate "2024.04.24"]
[SourceVersion "1"]
[SourceVersionDate "2024.04.24"]
[SourceQuality "1"]

1. d4 Nf6 2. c4 Nc6 3. Nc3 e5 4. d5 Ne7 5. e4 Ng6 6. Bg5 h6 7. Bxf6 Qxf6 8. Nf3 Bc5 9. h3 a6 10. Be2 d6 11. 0-0 Nf4 12. a3 Qg6 13. Kh2 Qxg2# 0-1

[Event "Titled Tuesday intern op 16th Jan Early"]
[Site "Chess.com INT"]
[Date "2024.01.16"]
[Round "3"]
[White "Aldokhin, Ivan"]
[Black "Goldin, Roman"]
[Result "1-0"]
[WhiteElo "2413"]
[BlackElo "2323"]
[PlyCount "79"]
[EventDate "2024.01.16"]
[EventType "swiss (blitz)"]
[EventRounds "11"]
[EventCountry "USA"]
[SourceTitle "CB04_2024"]
[SourceDate "2023.10.16"]
[SourceVersion "1"]
[SourceVersionDate "2023.10.16"]
[SourceQuality "1"]

1. e4 Nc6 2. Nf3 e5 3. Bb5 a6 4. Ba4 Nf6 5. 0-0 Be7 6. Re1 d6 7. Bxc6+ bxc6 8. d4 exd4 9. Nxd4 Bd7 10. Bf4 0-0 11. Nc3 g6 12. e5 Nh5 13. Bh6 Re8 14. Qf3 dxe5 15. Nxc6 Bxc6 16. Qxc6 Qd6 17. Qf3 Rab8 18. Rad1 Qf6 19. Qxf6 Bxf6 20. Nd5 Bd8 21. b3 f6 22. Re4 Kf7 23. Ra4 Re6 24. Be3 f5 25. Nb4 Nf6 26. Nxa6 Ra8 27. Nc5 Rxa4 28. bxa4 Re8 29. a5 Be7 30. Rb1 f4 31. Nd3 fxe3 32. Nxe5+ Ke6 33. Nc4 Ra8 34. fxe3 Nd5 35. Rb5 c6 36. Rb7 Bc5 37. Kf2 Nb4 38. Ke2 Nxa2 39. Rc7 Nc3+ 40. Kd3 1-0

[Event "Titled Tuesday intern op 12th Dec Early"]
[Site "Chess.com INT"]
[Date "2023.12.12"]
[Round "2"]
[White "Goldin, Roman"]
[Black "Sailer, Mike L"]
[Result "1-0"]
[WhiteElo "2323"]
[BlackElo "2095"]
[PlyCount "73"]
[EventDate "2023.12.12"]
[EventType "swiss (blitz)"]
[EventRounds "11"]
[EventCountry "USA"]
[SourceTitle "CB51_2023"]
[SourceDate "2023.12.20"]
[SourceVersion "1"]
[SourceVersionDate "2023.12.20"]
[SourceQuality "1"]

1. e4 d5 2. exd5 Qxd5 3. Nc3 Qd6 4. Nf3 c6 5. g3 Bf5 6. Bg2 e6 7. 0-0 Nf6 8. Re1 Be7 9. d3 0-0 10. a3 a5 11. Bf4 Qd8 12. Qe2 Nbd7 13. h3 h6 14. g4 Bh7 15. Ne5 Nxe5 16. Bxe5 Bd6 17. f4 Bxe5 18. fxe5 Qb6+ 19. Kh1 Nd5 20. Nd1 Nf4 21. Qf3 Nxg2 22. Kxg2 Qc5 23. Re2 f6 24. exf6 Rxf6 25. Qe3 Qd5+ 26. Kh2 Raf8 27. Nc3 Qd6+ 28. Kg2 Qe7 29. Rae1 Qf7 30. Nd1 Kh8 31. Qe5 Qd7 32. Qxa5 Qd4 33. Qe5 Qa7 34. Re3 Bg8 35. h4 Rf4 36. Kg3 Qb8 37. Qxb8 1-0

[Event "Titled Tuesday intern op 12th Dec Early"]
[Site "Chess.com INT"]
[Date "2023.12.12"]
[Round "4"]
[White "Nagare, Kaivalya Sandip"]
[Black "Goldin, Roman"]
[Result "1-0"]
[WhiteElo "2095"]
[BlackElo "2323"]
[PlyCount "55"]
[EventDate "2023.12.12"]
[EventType "swiss (blitz)"]
[EventRounds "11"]
[EventCountry "USA"]
[SourceTitle "CB51_2023"]
[SourceDate "2023.12.20"]
[SourceVersion "1"]
[SourceVersionDate "2023.12.20"]
[SourceQuality "1"]

1. e4 Nc6 2. d4 e5 3. d5 Nce7 4. Nf3 Ng6 5. g3 Nf6 6. Qe2 c6 7. c4 Bc5 8. Bg2 0-0 9. 0-0 a6 10. Nc3 b5 11. Be3 Qb6 12. Bg5 Ne8 13. a3 f6 14. Bd2 bxc4 15. Na4 Qb5 16. Nxc5 Qxc5 17. Bb4 Qb5 18. Bxf8 Nxf8 19. Rfc1 cxd5 20. exd5 Nd6 21. Nd2 Qxb2 22. Rab1 Qxa3 23. Nxc4 Nxc4 24. Qxc4 d6 25. Qc6 Bf5 26. Qxa8 Bxb1 27. Rxb1 h5 28. Rb8 1-0

[Event "Titled Tuesday intern op 14th Nov Early"]
[Site "Chess.com INT"]
[Date "2023.11.14"]
[Round "3"]
[White "Goldin, Roman"]
[Black "Rogov, Matfey"]
[Result "1-0"]
[WhiteElo "2323"]
[BlackElo "2213"]
[PlyCount "117"]
[EventDate "2023.11.14"]
[EventType "swiss (blitz)"]
[EventRounds "11"]
[EventCountry "USA"]
[SourceTitle "CB47_2023"]
[SourceDate "2023.11.22"]
[SourceVersion "1"]
[SourceVersionDate "2023.11.22"]
[SourceQuality "1"]

1. Nf3 d5 2. e3 Nf6 3. b4 Bf5 4. Bb2 e6 5. a3 Nbd7 6. c4 c5 7. b5 Bd6 8. d3 0-0 9. Nbd2 Qc7 10. Be2 Rad8 11. 0-0 h6 12. g3 Bh3 13. Re1 Ng4 14. Qb3 f5 15. cxd5 e5 16. Nc4 e4 17. Nh4 Nxf2 18. Nxd6 Qxd6 19. Qc3 Rf6 20. Kxf2 g5 21. Ng2 f4 22. exf4 gxf4 23. gxf4 Rxf4+ 24. Kg1 Qg6 25. Qh8+ Kf7 26. Qg7+ Qxg7 27. Bxg7 Bxg2 28. Bxh6 Rf6 29. Bg5 Rg8 30. h4 Bf3 31. Bxf3 Rxf3 32. Rxe4 Nf6 33. Re6 Nxd5 34. Rd6 Rxd3 35. Rf1+ Kg7 36. Rd7+ Kg6 37. Rxb7 Kh5 38. Rbf7 Rg3+ 39. Kh2 Rd3 40. R7f3 Rxf3 41. Rxf3 c4 42. Rf5 Nc7 43. Rc5 Kg4 44. Rxc4+ Kf3 45. Rxc7 Re8 46. Rxa7 Re2+ 47. Kh3 Re1 48. Rf7+ Ke4 49. Kg4 Rh1 50. Kh5 Ke5 51. b6 Ke6 52. b7 Rb1 53. Re7+ Kf5 54. Kh6 Rb6+ 55. Kh5 Rb4 56. Rf7+ Ke6 57. Rg7 Rb6 58. a4 Ra6 59. b8Q 1-0

[Event "Titled Tuesday intern op 19th Sep Early"]
[Site "Chess.com INT"]
[Date "2023.09.19"]
[Round "11"]
[White "Komov, Roman"]
[Black "Goldin, Roman"]
[Result "1-0"]
[WhiteElo "2287"]
[BlackElo "2323"]
[PlyCount "119"]
[EventDate "2023.09.19"]
[EventType "swiss (blitz)"]
[EventRounds "11"]
[EventCountry "USA"]
[SourceTitle "EXT 2024"]
[Source "ChessBase"]
[SourceDate "2023.10.10"]
[SourceVersion "1"]
[SourceVersionDate "2023.10.10"]
[SourceQuality "1"]

1. e4 Nc6 2. Nc3 e5 3. Bc4 Nf6 4. d3 Bb4 5. Nge2 d5 6. exd5 Nxd5 7. 0-0 Nxc3 8. Nxc3 0-0 9. f4 exf4 10. Bxf4 Bd6 11. Qh5 g6 12. Qh6 Ne5 13. Bg5 Be7 14. Bxe7 Qxe7 15. Nd5 Qc5+ 16. Kh1 Ng4 17. Qh4 Be6 18. Ne7+ Kg7 19. Bxe6 fxe6 20. Qxg4 Qxe7 21. Rxf8 Rxf8 22. Qd4+ Qf6 23. Qxf6+ Rxf6 24. Kg1 Rf5 25. Re1 Kf6 26. Rf1 e5 27. Re1 Rf4 28. g3 Ra4 29. a3 b5 30. Kf2 a5 31. Re3 b4 32. axb4 Rxb4 33. b3 a4 34. bxa4 Rxa4 35. Ke2 Ra1 36. Re4 Rh1 37. Rh4 h5 38. Kf2 Kf5 39. Kg2 Re1 40. Rc4 Re2+ 41. Kg1 Rd2 42. h3 h4 43. gxh4 c6 44. Rxc6 Kf4 45. Rxg6 Rxc2 46. h5 Kf3 47. h6 Rc1+ 48. Kh2 Rc2+ 49. Kh1 Rc1+ 50. Rg1 Rc3 51. h7 Rc8 52. Rg8 Rc1+ 53. Rg1 Rc8 54. Rg5 Rh8 55. Rh5 Ke3 56. Rxe5+ Kxd3 57. Rh5 Ke4 58. Kg2 Kf4 59. Kf2 Ke4 60. Kg3 1-0

[Event "Titled Tuesday intern op 05th Sep Early"]
[Site "Chess.com INT"]
[Date "2023.09.05"]
[Round "2"]
[White "Goldin, Roman"]
[Black "Ghosh, Chanchal Kumer"]
[Result "1-0"]
[WhiteElo "2323"]
[BlackElo "2026"]
[PlyCount "61"]
[EventDate "2023.09.05"]
[EventType "swiss (blitz)"]
[EventRounds "11"]
[EventCountry "USA"]
[SourceTitle "EXT 2024"]
[Source "ChessBase"]
[SourceDate "2023.10.10"]
[SourceVersion "1"]
[SourceVersionDate "2023.10.10"]
[SourceQuality "1"]

1. e4 c5 2. Nf3 d6 3. Bc4 e6 4. d3 Nc6 5. a3 Nf6 6. 0-0 Be7 7. Ba2 0-0 8. Nc3 Qc7 9. Ng5 Nd4 10. f4 a6 11. Ne2 Nxe2+ 12. Qxe2 b5 13. Bd2 h6 14. Nh3 Bb7 15. f5 exf5 16. Rxf5 c4 17. Raf1 d5 18. e5 Nh7 19. d4 Bc8 20. R5f4 Be6 21. c3 a5 22. Bb1 b4 23. Qh5 bxa3 24. bxa3 Rab8 25. R4f3 Rb2 26. Bxh6 Rxb1 27. Rxb1 gxh6 28. Qxh6 Kh8 29. Rbf1 Rg8 30. Rxf7 Bxf7 31. Rxf7 1-0

[Event "Titled Tuesday intern op 22nd Aug Early"]
[Site "Chess.com INT"]
[Date "2023.08.22"]
[Round "7"]
[White "Goldin, Roman"]
[Black "Gao, Raymond"]
[Result "1-0"]
[WhiteElo "2323"]
[BlackElo "1938"]
[PlyCount "55"]
[EventDate "2023.08.22"]
[EventType "swiss (blitz)"]
[EventRounds "11"]
[EventCountry "USA"]
[SourceTitle "EXT 2024"]
[Source "ChessBase"]
[SourceDate "2023.10.10"]
[SourceVersion "1"]
[SourceVersionDate "2023.10.10"]
[SourceQuality "1"]

1. e4 c5 2. Nf3 Nc6 3. c3 g6 4. d4 cxd4 5. cxd4 d5 6. exd5 Qxd5 7. Nc3 Qd6 8. d5 Ne5 9. Nb5 Nxf3+ 10. Qxf3 Qe5+ 11. Be2 Bh6 12. 0-0 a6 13. Na3 Bxc1 14. Raxc1 Nf6 15. Nc4 Qd4 16. Rfd1 Qa7 17. d6 Bg4 18. Qd3 Bxe2 19. Qxe2 e6 20. Qe5 Qxf2+ 21. Kxf2 Ng4+ 22. Kg3 Nxe5 23. Nxe5 0-0 24. Rc7 b5 25. d7 f6 26. Nc6 e5 27. d8Q Rfxd8 28. Nxd8 1-0

[Event "Titled Tuesday intern op 22nd Aug Early"]
[Site "Chess.com INT"]
[Date "2023.08.22"]
[Round "5"]
[White "Goldin, Roman"]
[Black "To, Nhat Minh"]
[Result "0-1"]
[WhiteElo "2323"]
[BlackElo "2342"]
[PlyCount "66"]
[EventDate "2023.08.22"]
[EventType "swiss (blitz)"]
[EventRounds "11"]
[EventCountry "USA"]
[SourceTitle "EXT 2024"]
[Source "ChessBase"]
[SourceDate "2023.10.10"]
[SourceVersion "1"]
[SourceVersionDate "2023.10.10"]
[SourceQuality "1"]

1. e4 c5 2. Nf3 d6 3. Bc4 Nf6 4. e5 dxe5 5. Nxe5 e6 6. Qe2 a6 7. a4 Bd6 8. f4 Qc7 9. d3 Nc6 10. Nxc6 Qxc6 11. 0-0 0-0 12. Nc3 b6 13. Bd2 Bb7 14. Rae1 Rad8 15. Rf3 Nd5 16. Ne4 b5 17. Ba2 Be7 18. axb5 axb5 19. c3 Nf6 20. Ng5 c4 21. Bb1 h6 22. Nh3 cxd3 23. Rxd3 Rxd3 24. Bxd3 Rd8 25. Bc2 Bc5+ 26. Kf1 Ng4 27. Qxg4 Rxd2 28. Be4 Qd7 29. Qf3 Bxe4 30. Qxe4 Rxb2 31. f5 exf5 32. Qe8+ Qxe8 33. Rxe8+ Kh7 0-1

[Event "Titled Tuesday intern op 22nd Aug Early"]
[Site "Chess.com INT"]
[Date "2023.08.22"]
[Round "4"]
[White "Goldin, Roman"]
[Black "Turayev, Shahruh"]
[Result "0-1"]
[WhiteElo "2323"]
[BlackElo "2193"]
[PlyCount "92"]
[EventDate "2023.08.22"]
[EventType "swiss (blitz)"]
[EventRounds "11"]
[EventCountry "USA"]
[SourceTitle "EXT 2024"]
[Source "ChessBase"]
[SourceDate "2023.10.10"]
[SourceVersion "1"]
[SourceVersionDate "2023.10.10"]
[SourceQuality "1"]

1. e4 d5 2. Nc3 dxe4 3. Nxe4 Qd5 4. Nc3 Qa5 5. Nf3 Nf6 6. g3 Nc6 7. Bg2 Bg4 8. h3 Bh5 9. 0-0 0-0-0 10. d3 e6 11. Be3 Bc5 12. Qe1 Bxf3 13. Bxf3 Nd4 14. Bd1 Nf5 15. Bxc5 Qxc5 16. Kg2 h5 17. h4 Rhg8 18. Ne4 Nxe4 19. Qxe4 g5 20. Bxh5 Nd6 21. Qe3 Qxe3 22. fxe3 gxh4 23. g4 f5 24. Kh3 Rg5 25. Kxh4 Rdg8 26. Rg1 fxg4 27. e4 g3 28. Raf1 Kd7 29. Rf3 g2 30. Rf4 Rb5 31. b3 Rh8 32. Rxg2 Rhxh5+ 33. Kg3 Rhg5+ 34. Kf3 Rxg2 35. Kxg2 Ra5 36. a4 Rc5 37. c4 a5 38. Rh4 Rg5+ 39. Kf3 e5 40. Rh7+ Kc6 41. d4 exd4 42. Kf4 Rg1 43. e5 Rf1+ 44. Kg4 Ne4 45. Rh6+ Kc5 46. e6 Kd6 0-1

[Event "Titled Tuesday intern op 22nd Aug Early"]
[Site "Chess.com INT"]
[Date "2023.08.22"]
[Round "9"]
[White "Martin Carmona, Gaston Manuel"]
[Black "Goldin, Roman"]
[Result "0-1"]
[WhiteElo "2363"]
[BlackElo "2323"]
[PlyCount "68"]
[EventDate "2023.08.22"]
[EventType "swiss (blitz)"]
[EventRounds "11"]
[EventCountry "USA"]
[SourceTitle "EXT 2024"]
[Source "ChessBase"]
[SourceDate "2023.10.10"]
[SourceVersion "1"]
[SourceVersionDate "2023.10.10"]
[SourceQuality "1"]

1. e4 Nc6 2. Nf3 e5 3. Bc4 Nf6 4. d3 Be7 5. 0-0 0-0 6. a4 a6 7. Nc3 d6 8. Bg5 Be6 9. Bxf6 Bxf6 10. Nd5 g6 11. Qd2 Bg7 12. Ng5 Bd7 13. c3 Na5 14. Ba2 c6 15. Ne3 Qxg5 16. g3 b5 17. axb5 axb5 18. b4 Nb7 19. Bb3 Be6 20. Qc2 h5 21. Bxe6 fxe6 22. Qb3 d5 23. h4 Qe7 24. Qb2 Nd6 25. Ra3 dxe4 26. dxe4 Nxe4 27. Rfa1 Rxa3 28. Rxa3 Nxf2 29. Qe2 e4 30. Ra6 Qd6 31. Kg2 Nd3 32. Nd1 Rf3 33. Ra8+ Kh7 34. Qxe4 Qxg3+ 0-1

[Event "Titled Tuesday intern op 25th Jul Early"]
[Site "Chess.com INT"]
[Date "2023.07.25"]
[Round "1"]
[White "Gharibyan, Mamikon"]
[Black "Goldin, Roman"]
[Result "1-0"]
[WhiteElo "2494"]
[BlackElo "2323"]
[PlyCount "69"]
[EventDate "2023.07.25"]
[EventType "swiss (blitz)"]
[EventRounds "11"]
[EventCountry "USA"]
[SourceTitle "EXT 2024"]
[Source "ChessBase"]
[SourceDate "2023.10.10"]
[SourceVersion "1"]
[SourceVersionDate "2023.10.10"]
[SourceQuality "1"]

1. e4 Nc6 2. Nf3 e5 3. Bb5 a6 4. Ba4 Nf6 5. d3 d6 6. c3 Bg4 7. h3 Bh5 8. Be3 Be7 9. Nbd2 Nd7 10. b4 Nf8 11. Bb3 Ne6 12. a4 0-0 13. g4 Bg6 14. h4 h5 15. Ng5 Nxg5 16. gxh5 Bh7 17. hxg5 Bxg5 18. Qg4 Bxe3 19. fxe3 Kh8 20. 0-0-0 f5 21. exf5 Bxf5 22. Qg6 d5 23. Qg3 Bxd3 24. e4 dxe4 25. Nxe4 Bxe4 26. Rxd8 Raxd8 27. Rg1 Rd7 28. Be6 Re7 29. b5 axb5 30. axb5 Nd8 31. Qg5 Rf6 32. h6 Nxe6 33. hxg7+ Nxg7 34. Qxf6 Rd7 35. Qxe5 1-0

[Event "Titled Tuesday intern op 18th Jul Early"]
[Site "Chess.com INT"]
[Date "2023.07.18"]
[Round "2"]
[White "Goldin, Roman"]
[Black "Marin Masis, Jose Esteban"]
[Result "1-0"]
[WhiteElo "2323"]
[BlackElo "1938"]
[PlyCount "39"]
[EventDate "2023.07.18"]
[EventType "swiss (blitz)"]
[EventRounds "11"]
[EventCountry "USA"]
[SourceTitle "EXT 2024"]
[Source "ChessBase"]
[SourceDate "2023.10.10"]
[SourceVersion "1"]
[SourceVersionDate "2023.10.10"]
[SourceQuality "1"]

1. e4 c5 2. Nf3 Nc6 3. c3 d5 4. exd5 Qxd5 5. d4 Bg4 6. Be2 cxd4 7. cxd4 e6 8. 0-0 Nf6 9. h3 Bh5 10. Nc3 Qd8 11. g4 Bg6 12. Ne5 Nxd4 13. Qa4+ Nc6 14. Bf3 Rc8 15. Nxc6 bxc6 16. Bxc6+ Nd7 17. Rd1 Rc7 18. Bf4 Rxc6 19. Qxc6 Be7 20. Nb5 1-0

[Event "Titled Tuesday intern op 18th Jul Early"]
[Site "Chess.com INT"]
[Date "2023.07.18"]
[Round "7"]
[White "Goldin, Roman"]
[Black "Mendez Fortes, Eduardo Jesus"]
[Result "0-1"]
[WhiteElo "2323"]
[BlackElo "2231"]
[PlyCount "74"]
[EventDate "2023.07.18"]
[EventType "swiss (blitz)"]
[EventRounds "11"]
[EventCountry "USA"]
[SourceTitle "EXT 2024"]
[Source "ChessBase"]
[SourceDate "2023.10.10"]
[SourceVersion "1"]
[SourceVersionDate "2023.10.10"]
[SourceQuality "1"]

1. e4 c5 2. Nf3 d6 3. Bc4 e6 4. d3 g6 5. a3 Bg7 6. Ba2 Ne7 7. 0-0 0-0 8. Nc3 Nbc6 9. Ng5 Rb8 10. f4 b5 11. Kh1 Nd4 12. Ne2 Nxe2 13. Qxe2 d5 14. a4 bxa4 15. Rb1 Bb7 16. f5 exf5 17. exf5 Nxf5 18. Rxf5 gxf5 19. Bf4 Rc8 20. Qh5 h6 21. Nf3 Qf6 22. Nh4 Rce8 23. Rf1 Kh7 24. c3 Re6 25. d4 Rfe8 26. Bb1 Re1 27. Bxf5+ Kg8 28. Kg1 Rxf1+ 29. Kxf1 Bc8 30. Bxc8 Qxf4+ 31. Nf3 Rxc8 32. Qxd5 Qc1+ 33. Kf2 Qxb2+ 34. Kg3 a3 35. Qd7 Rf8 36. dxc5 Qxc3 37. c6 a2 0-1

[Event "Titled Tuesday intern op 18th Jul Early"]
[Site "Chess.com INT"]
[Date "2023.07.18"]
[Round "1"]
[White "Mahdavi, Reza"]
[Black "Goldin, Roman"]
[Result "1-0"]
[WhiteElo "2302"]
[BlackElo "2323"]
[PlyCount "109"]
[EventDate "2023.07.18"]
[EventType "swiss (blitz)"]
[EventRounds "11"]
[EventCountry "USA"]
[SourceTitle "EXT 2024"]
[Source "ChessBase"]
[SourceDate "2023.10.10"]
[SourceVersion "1"]
[SourceVersionDate "2023.10.10"]
[SourceQuality "1"]

1. e4 Nc6 2. d4 e5 3. d5 Nce7 4. Be3 f5 5. f3 fxe4 6. fxe4 Ng6 7. Nf3 Nf6 8. Nbd2 Ng4 9. Bg1 Bb4 10. c3 Ba5 11. Nc4 Bb6 12. Nxb6 axb6 13. h3 Nf6 14. Qc2 d6 15. a3 0-0 16. 0-0-0 Nh5 17. Bf2 Bd7 18. Rg1 Bxh3 19. Kb1 Bd7 20. Be3 Ba4 21. b3 Bd7 22. Kb2 Bg4 23. Be2 Ng3 24. Bd3 Nf4 25. Bc4 Qd7 26. a4 h6 27. Bf2 Ngh5 28. Rdf1 Nxg2 29. Nxe5 dxe5 30. Rxg2 Bh3 31. Rfg1 Bxg2 32. Rxg2 Nf4 33. Rg1 Qd6 34. Be3 Rf6 35. Qh2 Raf8 36. b4 Kh7 37. Kb3 Rg6 38. Rf1 Qf6 39. Qd2 Qg5 40. Bb5 Qg3 41. Bd7 Kh8 42. Bf5 Rg5 43. Rxf4 exf4 44. Bxf4 Qf3 45. Bxg5 hxg5 46. Qh2+ Kg8 47. Be6+ Rf7 48. Bxf7+ Qxf7 49. Qg2 Qf4 50. Qe2 g4 51. e5 g3 52. e6 Kf8 53. Qh5 Ke7 54. Qg6 Qe5 55. Qf7+ 1-0

[Event "Titled Tuesday intern op 11th Jul Early"]
[Site "Chess.com INT"]
[Date "2023.07.11"]
[Round "4"]
[White "Palencia Morales, Wilson Guillermo"]
[Black "Goldin, Roman"]
[Result "1-0"]
[WhiteElo "2300"]
[BlackElo "2323"]
[PlyCount "81"]
[EventDate "2023.07.11"]
[EventType "swiss (blitz)"]
[EventRounds "11"]
[EventCountry "USA"]
[SourceTitle "EXT 2024"]
[Source "ChessBase"]
[SourceDate "2023.10.10"]
[SourceVersion "1"]
[SourceVersionDate "2023.10.10"]
[SourceQuality "1"]

1. d4 Nf6 2. c4 Nc6 3. Nf3 e6 4. g3 Bb4+ 5. Nbd2 0-0 6. Bg2 d6 7. 0-0 Bxd2 8. Qxd2 Qe7 9. b4 e5 10. dxe5 dxe5 11. b5 Rd8 12. Qc3 Nd4 13. Nxd4 exd4 14. Qd3 a6 15. Ba3 Qe5 16. f4 Qe3+ 17. Qxe3 dxe3 18. Be7 Re8 19. Bxf6 gxf6 20. Bf3 axb5 21. cxb5 Be6 22. a4 Ra7 23. a5 Bc4 24. b6 cxb6 25. axb6 Rxa1 26. Rxa1 Ba6 27. Kf1 Re6 28. Rb1 Rd6 29. Ke1 Kf8 30. Rb3 h6 31. Rxe3 Rxb6 32. Rc3 Rb2 33. Rc7 Kg7 34. Bh5 Kg8 35. Bxf7+ Kf8 36. Bh5 Rb1+ 37. Kf2 Rb5 38. Bf3 Rb2 39. g4 Rb6 40. Rh7 Rb4 41. f5 1-0

[Event "Titled Tuesday intern op 04th Jul Early"]
[Site "Chess.com INT"]
[Date "2023.07.04"]
[Round "4"]
[White "Terletsky, Oleg"]
[Black "Goldin, Roman"]
[Result "1/2-1/2"]
[WhiteElo "2160"]
[BlackElo "2323"]
[PlyCount "130"]
[EventDate "2023.07.04"]
[EventType "swiss (blitz)"]
[EventRounds "11"]
[EventCountry "USA"]
[SourceTitle "EXT 2024"]
[Source "ChessBase"]
[SourceDate "2023.10.10"]
[SourceVersion "1"]
[SourceVersionDate "2023.10.10"]
[SourceQuality "1"]

1. e4 Nc6 2. d4 e5 3. Nf3 exd4 4. Nxd4 g6 5. c4 Bg7 6. Be3 Nf6 7. Nc3 Ng4 8. Qxg4 Nxd4 9. Qd1 Ne6 10. Rc1 0-0 11. Bd3 Re8 12. 0-0 d6 13. Qd2 c6 14. b4 a5 15. a3 axb4 16. axb4 Bd7 17. Bb1 Ra3 18. Ne2 Qe7 19. Rcd1 Bf8 20. f4 Ng7 21. Ng3 d5 22. Bc5 Qh4 23. Bxf8 Rxf8 24. cxd5 cxd5 25. exd5 Rfa8 26. f5 Rxg3 27. hxg3 Qxg3 28. fxg6 hxg6 29. Qf4 Qxf4 30. Rxf4 Nf5 31. Bxf5 Bxf5 32. d6 Rd8 33. Rc4 Kg7 34. Rc7 Be4 35. Rd4 Bc6 36. b5 Bxb5 37. Rxb7 Bd7 38. Rc7 Kf6 39. Kf2 Ke6 40. Ke3 Bb5 41. Re7+ Kf6 42. Ree4 Bd7 43. g3 Bf5 44. Rf4 Re8+ 45. Kd2 Ke5 46. d7 Rd8 47. g4 Rxd7 48. Rxd7 Bxd7 49. Rxf7 Bxg4 50. Ke3 Bf5 51. Ra7 Kf6 52. Ra5 Kg5 53. Kf3 Kh5 54. Kg3 Kg5 55. Ra7 Kf6 56. Kf4 g5+ 57. Ke3 Ke5 58. Ra5+ Kf6 59. Kd4 g4 60. Ke3 Kg5 61. Kf2 Kf4 62. Ra4+ Be4 63. Rb4 Ke5 64. Kg3 Bf3 65. Rxg4 Bxg4 1/2-1/2

[Event "Titled Tuesday intern op 20th Jun Early"]
[Site "Chess.com INT"]
[Date "2023.06.20"]
[Round "8"]
[White "Goldin, Roman"]
[Black "Daurimbetov, Azamat"]
[Result "1/2-1/2"]
[WhiteElo "2323"]
[BlackElo "2180"]
[PlyCount "94"]
[EventDate "2023.06.20"]
[EventType "swiss (blitz)"]
[EventRounds "11"]
[EventCountry "USA"]
[SourceTitle "EXT 2024"]
[Source "ChessBase"]
[SourceDate "2023.10.10"]
[SourceVersion "1"]
[SourceVersionDate "2023.10.10"]
[SourceQuality "1"]

1. d4 Nf6 2. Nf3 g6 3. g3 c5 4. d5 Bg7 5. Bg2 e6 6. c4 exd5 7. cxd5 0-0 8. Nc3 d6 9. 0-0 Re8 10. Nd2 Na6 11. Nc4 Nc7 12. a4 b6 13. Bf4 Bf8 14. Nb5 Nxb5 15. axb5 Bb7 16. Qd3 Qd7 17. Rfd1 h6 18. Bd2 Qxb5 19. Bc3 Bg7 20. Nxd6 Qxd3 21. Rxd3 c4 22. Rdd1 Rab8 23. Nxe8 Nxe8 24. Rxa7 Bxc3 25. bxc3 Nd6 26. Rb1 b5 27. e4 f6 28. f4 Bc8 29. e5 fxe5 30. fxe5 Bf5 31. Rb4 Nf7 32. e6 Nd6 33. Rd7 Rb6 34. h3 h5 35. Kh2 Kf8 36. Bf3 Ke8 37. g4 hxg4 38. hxg4 Bd3 39. Rb2 b4 40. Rxb4 Rxb4 41. cxb4 Nb5 42. Rb7 c3 43. Rb8+ Ke7 44. Rb7+ Kd8 45. Rb8+ Ke7 46. Rb7+ Ke8 47. Rb8+ Ke7 1/2-1/2

[Event "Titled Tuesday intern op 20th Jun Early"]
[Site "Chess.com INT"]
[Date "2023.06.20"]
[Round "9"]
[White "Goldin, Roman"]
[Black "Parpiev, Isaak"]
[Result "0-1"]
[WhiteElo "2323"]
[BlackElo "2123"]
[PlyCount "86"]
[EventDate "2023.06.20"]
[EventType "swiss (blitz)"]
[EventRounds "11"]
[EventCountry "USA"]
[SourceTitle "EXT 2024"]
[Source "ChessBase"]
[SourceDate "2023.10.10"]
[SourceVersion "1"]
[SourceVersionDate "2023.10.10"]
[SourceQuality "1"]

1. d4 Nf6 2. Nf3 g6 3. g3 Bg7 4. Bg2 0-0 5. 0-0 d6 6. Nc3 c6 7. e4 Nbd7 8. a4 a5 9. h3 e5 10. Re1 Qc7 11. b3 Re8 12. Ba3 Bf8 13. dxe5 dxe5 14. Bxf8 Kxf8 15. Nd2 Nb6 16. Nf1 Kg7 17. Ne3 Be6 18. Qe2 Rad8 19. Qf1 h5 20. f4 h4 21. f5 Bc8 22. Ng4 Nxg4 23. hxg4 hxg3 24. g5 Qd6 25. f6+ Kh7 26. Qf3 Qc5+ 27. Re3 Rh8 28. Qxg3 Kg8 29. Rae1 Na8 30. Kf1 Nc7 31. Ne2 Ne6 32. Rc3 Qd6 33. Rd3 Qc7 34. Red1 Rxd3 35. Rxd3 Rh5 36. Bh3 Rxg5 37. Qh2 Rh5 38. Qg3 Nf4 39. Nxf4 exf4 40. Qg4 Bxg4 41. Bxg4 Qe5 42. Rd8+ Kh7 43. Bxh5 gxh5 0-1